LIBRARY & INFORMATION CENTRE, KCAET, TAVANUR

ONLINE PUBLIC ACCESS CATALOGUE (OPAC)

Normal view MARC view
  • Thomas Bevar

Entry Personal Name

Number of records used in: 1

001 - CONTROL NUMBER

  • control field: 6678

003 - CONTROL NUMBER IDENTIFIER

  • control field: OSt

005 - DATE AND TIME OF LATEST TRANSACTION

  • control field: 20250101113954.0

008 - FIXED-LENGTH DATA ELEMENTS

  • fixed length control field: 250101|| aca||aabn | a|a d

040 ## - CATALOGING SOURCE

  • Original cataloging agency: OSt
  • Transcribing agency: OSt

100 ## - HEADING--PERSONAL NAME

  • Personal name: Thomas Bevar

670 ## - SOURCE DATA FOUND

  • Source citation: Work cat.: (OSt)18804: Thomas Bevar, Theory of Machines
free website counter